Historia de una vida / (Record no. 149031)

MARC details
000 -LEADER
campo de control de longitud fija 00643nam a2200205 4500
001 - NÚMERO DE CONTROL
campo de control 149031
003 - IDENTIFICADOR DE NÚMERO DE CONTROL
campo de control ES-MaACL
005 - FECHA Y HORA DE LA ÚLTIMA TRANSACCIÓN
campo de control 20230906202922.0
007 - CAMPO FIJO DE DESCRIPCIÓN FÍSICA--INFORMACIÓN GENERAL
campo de control de longitud fija t|
008 - DATOS DE LONGITUD FIJA--INFORMACIÓN GENERAL
campo de control de longitud fija 070214n19401949sp r ||||1| spa d
100 1# - ENTRADA PRINCIPAL--NOMBRE DE PERSONA
Nombre de persona Suttner, Bertha von.
9 (RLIN) 108885
245 10 - MENCIÓN DEL TÍTULO
Título Historia de una vida /
Mención de responsabilidad, etc. Baronesa Berta de Suttner ; [traducción de G. Muñoz Serra].
260 ## - PUBLICACIÓN, DISTRIBUCIÓN, ETC.
Lugar de publicación, distribución, etc. Barcelona :
Nombre del editor, distribuidor, etc. Mateu,
Fecha de publicación, distribución, etc. [194_?] (
Fabricante Imp. Pulcra)
300 ## - DESCRIPCIÓN FÍSICA
Extensión 308 p. ;
Dimensiones 17 cm.
490 1# - MENCIÓN DE SERIE
Mención de serie Biblioteca moderna Mateu
700 1# - ENTRADA AGREGADA--NOMBRE PERSONAL
Nombre de persona Muñoz Serra, G.
9 (RLIN) 84502
830 0# - PUNTO DE ACCESO ADICIONAL DE SERIE-TÍTULO UNIFORME
Título uniforme Biblioteca moderna Mateu
9 (RLIN) 183648
852 ## - LOCALIZACIÓN
Ubicación ES-MaACL
Número de control de estantería D-7357
Sublocalización o colección R.27008
Holdings
Estatus retirado Estado de pérdida Estado de daño No para préstamo Biblioteca de origen Biblioteca actual Ubicación en estantería Fecha de adquisición Fuente de adquisición Total de préstamos Signatura topográfica completa Código de barras Visto por última vez Precio de reemplazo Tipo de ítem Koha
        Biblioteca del Ateneo de Madrid Biblioteca del Ateneo de Madrid Sala Valle Inclán 17/01/2008     D-7357 901155520 23/02/2023 23/02/2023 Libro impreso